000 00449nam a2200157 i 4500
001 bg
100 1 _aSOSNOWSKI, A.
245 0 _aMetody probabilistyczne w przykładach i zadaniach /
_cA. Sosnowski, E. Stankiewicz-Wiechno, P. J. Szabłowski.
260 _aWarszawa,
_c1991.
700 1 _aSTANKIEWICZ-WIECHNO, E.
700 1 _aSZABŁOWSKI, Paweł J.
040 _cBPK
041 _apol
942 _cKS
008 s pl f |000 0 pol
999 _c4638
_d4638
856 _uhttp://koha.tu.koszalin.pl/cgi-bin/koha/opac-detail.pl?biblionumber=4638
_yKatalog online BPK